000
00294nam a2200133Ia 4500
005
20251222155148.0
008
251222s9999||||xx |||||||||||||| ||spa||
082
_a
MAN.107
100
_a
El Comercio.
245
0
_a
Padres de Hoy
250
_a
1ra. ed.
264
_b
El Comercio
942
_c
LIB
999
_c
39452
_d
39452